2026 CFB Transfer Portal - Statistics

General Stats
  • This quiz has been taken 58 times
    57 since last reset
  • The average score is 17 of 38
Answer Stats
Player Position Previous Team New Team % Correct
Sam Leavitt QB Arizona St LSU
100%
DJ Lagway QB Florida Baylor
89%
Dylan Raiola QB Nebraska Oregon
89%
Drew Mestemaker QB North Texas Oklahoma St
87%
Brendan Sorsby QB Cincinnati Texas Tech
81%
Josh Hoover QB TCU Indiana
77%
Rocco Becht QB Iowa St Penn St
77%
Byrum Brown QB USF Auburn
74%
Cam Coleman WR Auburn Texas
72%
Deuce Knight QB Auburn Ole Miss
68%
Austin Simmons QB Ole Miss Missouri
66%
Koi Perich DB Minnesota Oregon
62%
Hollywood Smothers RB NC St Texas
57%
Parker Livingstone WR Texas Oklahoma
51%
Beau Pribula QB Missouri Virginia
51%
Justice Haynes RB Michigan Georgia Tech
49%
Kenny Minchey QB Notre Dame Kentucky
49%
Isaiah Horton WR Alabama Texas AM
49%
Chaz Coleman EDGE Penn St Tennessee
45%
Aidan Chiles QB Michigan St Northwestern
43%
Eugene Wilson III WR Florida LSU
40%
Eric Singleton Jr WR Auburn Florida
38%
Air Noland QB South Carolina Memphis
34%
CJ Baxter RB Texas Kentucky
32%
Boo Carter DB Tennessee Colorado
28%
Jaylen Mbakwe WR/CB Alabama Georgia Tech
26%
Chris Johnson Jr RB SMU Clemson
19%
Isiah Canion WR Georgia Tech Georgia
19%
Keon Keeley EDGE Alabama Notre Dame
19%
Tre Richardson WR Vanderbilt Louisville
17%
Perry Thompson WR Auburn Minnesota
17%
Terry Moore DB Duke Ohio St
17%
Khalil Barnes DB Clemson Georgia
15%
Jordan Ross EDGE Tennessee LSU
15%
Kayin Lee DB Auburn Tennessee
15%
Malcolm Simmons WR Auburn Texas Tech
15%
Elliot Washington II DB Penn St Clemson
13%
DJ McKinney DB Colorado Notre Dame
13%
No matching quizzes found
Score Distribution
Percent of People with Each Score
Percentile by Number Answered
Your Score History
You have not taken this quiz since the last reset